Post-Soviet policy perspectives /

Saved in:
நூற்பட்டியல் விவரங்கள்
மற்ற எழுத்தாளர்கள்: Voskresenskiĭ, A. D., Columbus, Frank H., Voskresenskiĭ, A. D. 1960-
வடிவம்: புத்தகம்
மொழி:English
வெளியீடப்பட்டது: Commack, N.Y. : Nova Science Publishers, 1997.
பகுதிகள்:
குறியீடுகள்: குறிச்சொல் இணை
குறியீடுகள் இல்லை, இந்த குறிச்சொல்லை முதலில் பதிவு செய்யுங்கள்!
LEADER 02225nam a22003258a 4500
001 007601722-2
005 20020606104010.5
008 970923s1997 nyu b 001 0 eng
010 |a  97041235  
020 |a 1560724951 
035 0 |a ocm37712989 
040 |a DLC  |c DLC 
043 |a e-ur--- 
050 0 0 |a HC336.27  |b .P666 1997 
082 0 0 |a 947.086  |2 21 
245 0 0 |a Post-Soviet policy perspectives /  |c edited by Alexei D. Voskressenski. 
260 |a Commack, N.Y. :  |b Nova Science Publishers,  |c 1997. 
300 |a 214 p. :  |b ill. ;  |c 27 cm. 
504 |a Includes bibliographical references and index. 
505 0 0 |t Post-communist identity in a postmodern perspective : conceptualizing post-Soviet experience /  |r Victor P. Stepanenko --  |t Economic-security nexus in East-Central Europe /  |r Denis Krivosheev --  |t Monetary transmission in Russia : the role of interenterprise arrears /  |r Irina A. Denisova --  |t Empowerment through business, crime and politics among young people in the former Soviet Union /  |r Kenneth Roberts [and others] --  |t Political orientations and socio-economic experiences of young people in Armenia, Georgia and Ukraine in the 1990's /  |r Kenneth Roberts [and others] --  |t Ukraine : current issues and U.S. policy /  |r Steven Woehrel --  |t Russian-Chinese cooperation : prospects and implications /  |r Stuart D. Goldman and Robert G. Sutter --  |t Russia's nuclear forces : doctrine and force structure issues /  |r Amy F. Woolf and Kara Wilson --  |t START II in the Russian duma : issues and prospects /  |r Amy F. Woolf --  |t NATO enlargement : a critical view from Belarus ;  |t Rethinking security : questioning the indivisibility thesis /  |r Denis Krivosheev. 
650 0 |a Post-communism  |z Former Soviet republics. 
651 0 |a Former Soviet republics  |x Economic policy. 
651 0 |a Former Soviet republics  |x Politics and government. 
651 0 |a Former Soviet republics  |x Social conditions. 
700 1 |a Voskresenskiĭ, A. D.  |q (Alekseĭ Dmitrievich) 
700 1 |a Columbus, Frank H. 
700 1 |a Voskresenskiĭ, A. D.  |q (Alekseĭ Dmitrievich),  |d 1960- 
776 0 8 |i Online version:  |t Post-Soviet policy perspectives.  |d Commack, N.Y. : Nova Science Publishers, ©1997  |w (OCoLC)652404740 
988 |a 20020608 
906 |0 DLC